The planning question and Barker (Record no. 78577)

MARC details
000 -LEADER
fixed length control field 01094cab a22002415a 4500
001 - CONTROL NUMBER
control field L137273
008 - FIXED-LENGTH DATA ELEMENTS--GENERAL INFORMATION
fixed length control field 070327s2007 xxk f 000 0 eng d
035 ## - SYSTEM CONTROL NUMBER
System control number (Sirsi) u137273
041 0# - LANGUAGE CODE
Language code of text/sound track or separate title eng
100 1# - MAIN ENTRY--PERSONAL NAME
Personal name Lloyd, Greg
245 04 - TITLE STATEMENT
Title The planning question and Barker
260 ## - PUBLICATION, DISTRIBUTION, ETC.
Date of publication, distribution, etc. 2007
490 #0 - SERIES STATEMENT
Series statement Scottish Planning and Environmental Law
Volume/sequential designation (119) February 2007, 6-8(3)
520 ## - SUMMARY, ETC.
Summary, etc. Argues that although HM Treasury?s primary responsibility is formulating and implementing the UK government?s financial and economic policy the pre-Budget report for 2006 asserted a number of new priorities for policy concern and action. States that this report put land use planning at centre stage of the Barker, Eddington and Stern reviews. Considers these reviews and their importance for land use planning.
590 ## - LOCAL NOTE (RLIN)
Local note KA
650 24 - SUBJECT ADDED ENTRY--TOPICAL TERM
Topical term or geographic name entry element BARKER REVIEW OF LAND USE PLANNING
650 24 - SUBJECT ADDED ENTRY--TOPICAL TERM
Topical term or geographic name entry element STERN REVIEW ON THE ECONOMICS OF CLIMATE CHANGE
650 24 - SUBJECT ADDED ENTRY--TOPICAL TERM
Topical term or geographic name entry element EDDINGTON TRANSPORT STUDY
651 #4 - SUBJECT ADDED ENTRY--GEOGRAPHIC NAME
Geographic name Scotland
Chronological subdivision 1999-
690 ## - LOCAL SUBJECT ADDED ENTRY--TOPICAL TERM (OCLC, RLIN)
Topical term or geographic name as entry element Planning and development
9 (RLIN) 6259
700 1# - ADDED ENTRY--PERSONAL NAME
Personal name Peel, Deborah
942 ## - ADDED ENTRY ELEMENTS (KOHA)
Suppress in OPAC 0
Holdings
Withdrawn status Lost status Source of classification or shelving scheme Damaged status Not for loan Home library Current library Shelving location Date acquired Total Checkouts Full call number Barcode Date last seen Copy number Price effective from Koha item type
    Dewey Decimal Classification     London London Journal article 27/03/2007   L137273 137273-1001 06/08/2019 1 06/08/2019 Journal article